| 000 | 00422nab a2200145Ia 4500 | ||
|---|---|---|---|
| 003 | ES-SlBCS | ||
| 005 | 20210601123708.0 | ||
| 008 | 140529s2008 xxu||||| |||| 00| 0 spa d | ||
| 041 | _aspa | ||
| 110 | 2 |
_aFondo por la Paz _9127926 |
|
| 245 | 0 | 0 |
_aÍndice de estados fallidos _cFONDO POR LA PAZ |
| 650 | 0 | 4 |
_aPaíses _9127927 |
| 773 | 0 |
_tForeing Policy. Edición Española _gnº. 28, 2008, págs. 66-71 _wRev596 |
|
| 942 | _cAR | ||
| 999 |
_c501873 _d501873 |
||